Statistics for FIFA World Cup Top 10 Goalscorers by Tournament

Click here to take the quiz!

General Stats

  • This quiz has been taken 85 times
  • The average score is 60 of 196

Answer Stats

Answer% Correct
Kylian Mbappé
100%
Lionel Messi
100%
Harry Kane
99%
Cristiano Ronaldo
97%
Ronaldo
97%
Gerd Muller
94%
Thomas Muller
94%
Neymar
93%
Olivier Giroud
89%
Antoine Griezmann
86%
James Rodriguez
86%
Miroslav Klose
86%
Romelu Lukaku
86%
Edinson Cavani
85%
Luis Suarez
85%
Diego Forlan
83%
Eden Hazard
82%
Robin van Persie
82%
Arjen Robben
80%
David Villa
79%
Julian Alvarez
76%
Pelé
76%
Karim Benzema
75%
Diego Maradona
73%
Enner Valencia
73%
Luigi Riva
73%
Zdenek Zidan
73%
Rivaldo
70%
Alvaro Morata
69%
Goncalo Ramos
69%
Mario Mandzukic
68%
Richarlison
68%
Thierry Henry
68%
Xherdan Shaqiri
68%
Cody Gakpo
65%
Bukayo Saka
62%
Wesley Sneijder
62%
Fernando Torres
61%
Gonzalo Higuain
61%
José Torres
59%
Davor Suker
58%
Paulo Roberto Falcao
58%
Gary Lineker
56%
Hristo Stoichkov
56%
Johann Cruijff
56%
Roberto Baggio
56%
Paolo Rossi
55%
Zinedine Zidane
55%
Andre Schurrle
54%
Gabriel Batistuta
52%
Just Fontaine
52%
Landon Donovan
52%
Hernan Crespo
49%
Maxi Rodriguez
49%
Asamoah Gyan
48%
Garrincha
48%
Christian Vieri
46%
Ferenc Puskas
46%
Luca Toni
46%
Romario
46%
Jurgen Klinsmann
45%
Karl-Heinz Rummenigge
45%
Rudi Voller
45%
Gheorghe Hagi
44%
Michael Ballack
44%
Zico
44%
Denis Cheryshev
42%
Lukas Podolski
42%
Dennis Bergkamp
39%
Eusebio
39%
Mario Kempes
38%
Michel Platini
38%
Ivan Bek
35%
Jairzinho
35%
Lothar Matthaus
35%
Salvatore Schillaci
35%
Emilio Butragueno
34%
Leonel Sanchez
34%
Luis Hernandez
32%
Pauleta
32%
Yerry Mina
32%
Bobby Charlton
31%
OIiver Bierhoff
31%
Roger Milla
31%
Franz Beckenbauer
28%
Andreas Brehme
27%
Jon Dahl Tomasson
27%
Sandor Kocsis
27%
Zbigniew Boniek
27%
Marc Wilmots
25%
Vavá
25%
Johan Neeskens
24%
Johnny Rep
24%
Oleg Salenko
24%
Rivellino
24%
Robert Vittek
24%
Uwe Seeler
24%
Geoff Hurst
23%
Marcelo Salas
23%
Teofilo Cubillas
23%
Florian Albert
18%
Helmut Rahn
18%
Paul Breitner
18%
Leonidas
17%
Papa Bouba Diop
17%
Rob Rensenbrink
17%
Careca
15%
Gianni Rivera
15%
Guillermo Stabile
15%
Jorge Valdano
15%
Alessandro Altobelli
14%
Henrik Larson
14%
Kennet Andersson
14%
Martin Dahlin
14%
Silvio Piola
14%
Alain Giresse
13%
Andrzej Szarmach
13%
Igor Belanov
13%
Cesar Sampaio
11%
Ottmar Walter
11%
Ademir
10%
Hans Johann Krankl
10%
Juan Alberto Schiaffino
10%
Michel
10%
Alcides Ghiggia
8%
Bryan Robson
8%
Jan Ceulemans
8%
Kazimierz Deyna
8%
Tomas Skuhravy
8%
David Platt
7%
Florin Raducioiu
7%
Helmut Haller
7%
Max Morlock
7%
Preben Elkjaer Larsen
7%
Wilfried Van Moer
7%
Hans Schafer
6%
Nandor Hidegkuti
6%
Oldrich Nejedly
6%
Pedro Cea
6%
Bert Patenaude
4%
Josef Hugi
4%
Leopoldo Luque
4%
Oscar Miguez
4%
Peter McParland
4%
Ralf Edstrom
4%
Roberto Dinamite
4%
Roger Piantoni
4%
Amarildo
3%
Dirceu
3%
Drazan Jerkovic
3%
Erich Probst
3%
Ernest Wilimowski
3%
Gerry Armstrong
3%
Gyorgy Sarosi
3%
Gyula Zsengeller
3%
Laszlo Kiss
3%
Luis Monti
3%
Zarra
3%
Agne Simonsson
1%
Anatoliy Byshovets
1%
Carlos Peucelle
1%
Edmund Conen
1%
Ferenc Bane
1%
Gino Colaussi
1%
Grzegorz Leto
1%
José Augusto
1%
Karl Hohmann
1%
Kurt Hamrin
1%
Lajos Tichy
1%
Robert Ballaman
1%
Tore Keller
1%
Valentin Ivanov
1%
Valeriy Porkuyan
1%
Abdulrahman Fawzi
0%
Adolfo Zumelzu
0%
Adolf Scherer
0%
Angelo Schiavio
0%
Antonin Puc
0%
Arne Nyberg
0%
Bernard Voorhoof
0%
Chico
0%
Eduard Malofeev
0%
Estanislao Basora
0%
Guillermo Subiabre
0%
Johann Horvath
0%
José Peracio
0%
Karl-Erik Palmer
0%
Kosta Tomasevic
0%
Leipold Kielholz
0%
Milan Galic
0%
Peregrino Anselmo
0%
Preguinho
0%
Raimundo Orsi
0%
Romeu
0%
Stig Sundqvist
0%

Score Distribution

Percentile by Number Answered

Percent of People with Each Score

Your Score History

You have not taken this quiz